odgadnij grupę K-pop po jednej piosence - Statystyki

Ogólne statystyki
  • Ten quiz został rozwiązany 116 razy
  • Średni wynik to 10 z 15
Statystyki odpowiedzi
Hint Odpowiedź % Poprawnych
Lovesick girls Blackpink
95%
Drip Baby monster
86%
Magnetic Illit
84%
Whiplash Aespa
81%
The feels Twice
76%
Wannabe Itzy
73%
I am Ive
73%
Psycho Red velvet
69%
Cupid Fifty fifty
68%
OMG NewJeans
68%
Smart Le Sserafim
60%
Sticky Kiss of life
53%
Wrape me in plastic MOMOLAND
53%
DUN DUN Everglow
43%
Girls Girls generation
14%
Nie znaleziono quizów pasujących do podanych kryteriów
Rozkład punktacji
Procent ludzi z każdym wynikiem
Percentyl według liczby udzielonych odpowiedzi
Twoja historia wyników
Nie rozwiązałeś tego quizu